Statistics for NBA Career Leaders Per Team

Click here to take the quiz!

General Stats

  • This quiz has been taken 1,718 times
    (194 since last reset)
  • The average score is 56 of 91

Answer Stats

TeamPlayer% Correct
JazzKarl Malone
95%
CavaliersLeBron James
95%
BullsMichael Jordan
95%
ClippersDeAndre Jordan
94%
BucksGiannis Antetokounmpo
93%
LakersKobe Bryant
93%
WarriorsStephen Curry
92%
MavericksDirk Nowitzki
91%
PelicansChris Paul
89%
ClippersChris Paul
89%
HeatDwyane Wade
89%
RocketsHakeem Olajuwon
89%
TimberwolvesKevin Garnett
89%
SpursTim Duncan
89%
PistonsIsiah Thomas
88%
CelticsBill Russell
87%
LakersMagic Johnson
87%
ThunderRussell Westbrook
87%
LakersKareem Abdul-Jabbar
86%
PacersReggie Miller
86%
PelicansAnthony Davis
85%
Trail BlazersDamian Lillard
85%
NetsJason Kidd
85%
SunsSteve Nash
85%
JazzJohn Stockton
83%
KnicksPatrick Ewing
83%
SunsWalter Davis
83%
GrizzliesMarc Gasol
82%
WizardsJohn Wall
81%
NuggetsNikola Jokić
81%
HawksDominique Wilkins
80%
MagicDwight Howard
80%
RocketsJames Harden
79%
KingsOscar Robertson
79%
SpursTony Parker
79%
76ersJulius Erving
78%
RaptorsDeMar DeRozan
77%
CelticsJohn Havlicek
77%
RaptorsKyle Lowry
76%
PacersJermaine O'Neal
75%
HornetsAlonzo Mourning
73%
HeatAlonzo Mourning
73%
CelticsBob Cousy
73%
Trail BlazersClyde Drexler
73%
NetsBrook Lopez
72%
HornetsKemba Walker
72%
NuggetsAlex English
70%
RaptorsChris Bosh
70%
GrizzliesMike Conley
68%
ThunderGary Payton
67%
SpursManu Ginobili
67%
PistonsBen Wallace
66%
HawksBob Pettit
64%
NuggetsDikembe Mutombo
64%
WizardsWes Unseld
64%
CelticsPaul Pierce
63%
KnicksWalt Frazier
59%
PistonsBill Laimbeer
54%
WizardsElvin Hayes
54%
Trail BlazersMychal Thompson
54%
CelticsRobert Parish
52%
BullsArtis Gilmore
49%
LakersElgin Baylor
48%
76ersHal Greer
48%
JazzMark Eaton
48%
NetsBuck Williams
41%
ClippersRandy Smith
41%
CavaliersZydrunas Ilgauskas
41%
ThunderSerge Ibaka
39%
76ersMaurice Cheeks
37%
76ersDolph Schayes
35%
Trail BlazersLaMarcus Aldridge
35%
SunsAlvan Adams
34%
HeatUdonis Haslem
33%
WarriorsNate Thurmond
30%
ThunderJack Sikma
25%
Trail BlazersTerry Porter
25%
MagicJameer Nelson
23%
HornetsMuggsy Bogues
23%
NuggetsFat Lever
19%
MagicNick Anderson
19%
HawksDoc Rivers
15%
HawksTree Rollins
15%
MavericksDerek Harper
13%
SunsLarry Nance
12%
HawksMookie Blaylock
11%
HornetsEmeka Okafor
7%
PacersMel Daniels
6%
KingsSam Lacey
5%
BucksQuinn Buckner
3%
WarriorsAdonal Foyle
1%

Score Distribution

Percentile by Number Answered

Percent of People with Each Score

Your Score History

You have not taken this quiz since the last reset